000
00291nam a22001337a 4500
008
171010b xxu||||| |||| 00| 0 eng d
020
_a
9781563670688
041
_a
eng
080
_2
2ND
_a
316
100
_a
50
101
_a
SOC
245
_a
THE VISIBLE SELF
_c
EICHER,J,B
942
_2
udc
_c
BK
999
_c
32935
_d
32935